• 首页
  • 本馆介绍
  • 公告通知
  • 最新文献
  • 馆藏检索
  • 电子资源
  • 读者导购
  • 参考咨询
  • 我的图书馆
  • 登录
  • 详细信息显示
  • 放入我的书架
  • 预约/预借图书
  • 作者相关作品
  • 分类相关作品
  • 丛书相关作品
  • 出版社相关作品

书目信息

  • 表格格式
  • 工作单格式
  • 卡片格式
题名:
汽车空调结构与检修
    
 
作者: 陶阳 主编
分册:  
出版信息: 北京   化学工业出版社  2018.04
页数: 142页
开本: 26cm
丛书名:
单 册:
中图分类: U463.850.3 , U472.41
科图分类:
主题词: 汽车空调--结构--高等职业教育--教材 , 汽车空调--维修--高等职业教育--教材
电子资源:
ISBN: 978-7-122-31733-9
000 00927nam0 2200253 450
001 5260
005 20181014162445.50
010    @a978-7-122-31733-9@dCNY29.80
100    @a20180819d2018 em y0chiy50 ea
101 0  @achi
102    @aCN@b110000
105    @aa z 000yy
200 1  @a汽车空调结构与检修@9qi che kong tiao jie gou yu jian xiu@e双色版@f陶阳主编
210    @a北京@c化学工业出版社@d2018.04
215    @a142页@c图@d26cm
300    @a高职高专“十三五”规划教材 汽车类专业立体化数字资源配套教材
330    @a本书主要内容包括:空调的使用与操作、汽车空调制冷系统部件检修、空调制冷系统的检测、汽车空调的暖风与配风系统检修、汽车空调的控制系统检修五个项目。
606 0  @a汽车空调@x结构@x高等职业教育@j教材
606 0  @a汽车空调@x维修@x高等职业教育@j教材
690    @aU463.850.3@v5
690    @aU472.41@v5
701  0 @a陶阳@9tao yang@4主编
801  0 @aCN@b91MARC@c20180819
905    @aMuseLib@dU463.850.3@e801
    
    汽车空调结构与检修:双色版/陶阳主编.-北京:化学工业出版社,2018.04
    142页:图;26cm
    高职高专“十三五”规划教材 汽车类专业立体化数字资源配套教材
    
    ISBN 978-7-122-31733-9:CNY29.80
    本书主要内容包括:空调的使用与操作、汽车空调制冷系统部件检修、空调制冷系统的检测、汽车空调的暖风与配风系统检修、汽车空调的控制系统检修五个项目。
●
相关链接 在E读中查询图书 在五车中查询图书 在当当中查询图书 在豆瓣中查询图书


正题名:汽车空调结构与检修     索取号:U463.850.3/801         预约/预借

序号 登录号 条形码 馆藏地/架位号 状态 备注
1 1128864   211288649   第二样本阅览室/ [索取号:U463.850.3/801] 在馆    
2 1128865   211288658   第三借阅区/ [索取号:U463.850.3/801] 在馆    
3 1128866   211288667   第三借阅区/ [索取号:U463.850.3/801] 在馆    
4 1128867   211288676   第三借阅区/ [索取号:U463.850.3/801] 在馆    
5 1128868   211288685   密集书库-物理学院/ [索取号:U463.850.3/801] 在馆    
唐山师范学院图书馆 欢迎您!
大连网信软件有限公司© 版权所有